| 000 | 00745nam a2200253Ia 4500 | ||
|---|---|---|---|
| 003 | OSt | ||
| 005 | 20220918191514.0 | ||
| 006 | a|||||r|||| 00| 0 | ||
| 007 | ta | ||
| 008 | 220917b |||||||| |||| 00| 0 eng d | ||
| 024 | _a63,830 | ||
| 037 | _cTextual | ||
| 040 |
_aARTS _cARTS _beng |
||
| 041 |
_2eng _aeng |
||
| 082 | _aQ7v663, L6 | ||
| 100 |
_aEickelman Dale F _976472 |
||
| 245 | 0 |
_aMoroccan Islam _b tradition and society in a pilgrimage center |
|
| 260 |
_aAustin _bUniversity of Texas Press _c1976 |
||
| 490 | _aModern middle east series; 1 | ||
| 500 | _aAppendix 239-54p; Glossary 283-86p; Bib 287-96p | ||
| 650 | _aRELIGION | ||
| 942 |
_hQ7v663, L6 _cTEXL _2CC |
||
| 999 |
_c190322 _d190322 |
||